Chansons de Van Halen - Mort subite - Statistiques

Statistiques générales
  • Ce quiz a été pris 5 fois
  • Le résultat moyen est 7 sur 20
Answers on the Grid
Answers color-coded by a green-red scale on the quiz's grid according to % correct below.
Jump
Panama
Runnin' With The Devil
Ain't Talkin' 'Bout Love
Hot For Teacher
Unchained
Why Can't This Be Love?
Little Dreamer
Atomic Punk
Eruption
You Really Got Me
Can't Stop Lovin' You
Dreams
Dance The Night Away
Jamie's Cryin'
Top Jimmy
Drop Dead Legs
Right Now
When It's Love
Love Walks In
Livin' On A Prayer
November Rain
Enter Sandman
Bad Medicine
The Final Countdown
Rock You Like A Hurricane
I Want It All
Thunderstruck
Smells Like Teen Spirit
Immigrant Song
 
Statistiques - réponses
Réponse % Correct
Jump
100%
Runnin' With The Devil
100%
Eruption
75%
Hot For Teacher
75%
Drop Dead Legs
50%
Panama
50%
Ain't Talkin' 'Bout Love
25%
Atomic Punk
25%
Dance The Night Away
25%
Jamie's Cryin'
25%
Little Dreamer
25%
Love Walks In
25%
Right Now
25%
Top Jimmy
25%
When It's Love
25%
Why Can't This Be Love?
25%
You Really Got Me
25%
Can't Stop Lovin' You
0%
Dreams
0%
Unchained
0%
Aucun quiz correspondant
Distribution des résultats
% des personnes avec chaque résultat
Percentile par nombre de réponses
Votre historique - résultats
Vous n’avez pas pris ce quiz